000 01766nam a2200325Ia 4500
005 20220317000952.0
008 160825s2008 mx a g 000 0 spa
020 _a97896816471012
100 1 _aHinojosa, Francisco
_d1954-
245 1 3 _aLa peor señora del mundo
_c Francisco Hinojosa ; ilustraciones de Rafael Barajas "El fisgón" ; editor Daniel Goldin
250 _a2a. edición
_b15a. reimpresión
300 _a42 páginas
_bilustraciones en blanco y negro
_c19 cm
490 _aA la orilla del viento
_ppara los que están aprendiendo a leer
500 _aIncluye datos biográficos
520 _aEn el norte de Turambul, había una vez una señora que era la peor señora del mundo. A sus hijos los castigaba cuando se portaban bien y cuando se portaban mal. Los niños del vecindario se echaban a correr en cuanto veían que ella se acercaba. Lo mismo sucedia con los señores y las señoras y los viejitos y las viejitas y los policias y los dueños de las tiendas. Hasta que un día sus hijos y todos los habitantes del pueblo se cansaron de ella y decidieron hacer algo para poner fin a tantas maldades
521 _aRecomendado para niños a partir de 6 años
650 1 4 _2LEMB
_aCuentos infantiles mexicanos
_ySiglo XX
650 1 4 _2LEMB
_aLiteratura infantil mexicana
_ySiglo XX
650 1 4 _2LEMB
_aFamilia en la literatura
650 1 4 _2LEMB
_aViolencia en la literatura
650 1 4 _2LEMB
_aRelaciones humanas en la literatura
700 1 _aBarajas, Rafael
_98578
942 _2loc
_cBKINF
264 _aMéxico
_bFondo de Cultura Económica
_c2008
336 _atexto
_btxt
_2rdacontent
337 _asin mediación
_bn
_2rdamedia
338 _avolumen
_bnc
_2rdacarrier
040 _aCO-BoRNBP
_bspa
_erda
_cCO-BoRNBP
084 _aC HIN1
999 _c5546
_d5546